000 00646nam a2200205Ii 4500
001 4674
003 CO-ViMGA
008 241108s9999||||xx |||||||||||||| ||und||
040 _aCO-ViMGA
_bspa
_erda
_cCO-ViMGA
041 0 _aspa
082 0 4 _a631.22 C121
100 1 _aJ. Ivan Cadavid G.
_948141
245 1 0 _aGranja Integral Autosuficiente :
_bconstrucciones agroopecuarias
264 1 _aBogotá, Colombia : Fundación Hogares Juveniles Campesinos, 1992
300 _avolumen
336 _atext
_btxt
_2rdacontent
337 _aunmediated
_bn
_2rdamedia
338 _avolume
_bnc
_2rdacarrier
940 _aidficha_siabuc: 4555. -- ficha_no_siabuc:4674
999 _c42782
_d42782